| 000 | 00561nam a22001817a 4500 | ||
|---|---|---|---|
| 999 |
_c15326 _d15326 |
||
| 003 | AR-CdUCM | ||
| 008 | 190426b ||||| |||| 00| 0 spa d | ||
| 020 | _a978-607-404-198-9 | ||
| 040 |
_aMUNICIPALIDAD PROVINCIAL DEL CUSCO _cBIBLIOTECA MUNICIPAL DEL CUSCO |
||
| 082 |
_aPI / 803 / _bV59 |
||
| 245 | _a100 cuentos clásicos / | ||
| 260 |
_aMéxico : _bSilver Dolphin, _c2007. |
||
| 300 |
_a512 paginas ; _bIlustraciones, _c21 cm. |
||
| 650 |
_aLiteratura infantil _9588 |
||
| 700 |
_aVic Parker _934376 |
||
| 942 |
_2ddc _cLIBROS |
||
| 945 |
_arjall _d2019-04-26 |
||